Statistiken für Atomwaffen nach Ländern

Klicken Sie hier um das Quiz zu spielen!

Allgemein

  • Dieses Quiz wurde 94 mal gespielt
  • Das Durchschnittsergebnis liegt bei 7 aus 14

Antwortstatistiken

AtomsprengköpfeLand% Korrekt
~ 6 000Russland
100%
~ 5 000USA
96%
~ 400China
79%
~ 290Frankreich
75%
~ 225Vereinigtes Königreich
63%
~ 160Indien
51%
~ 40Nordkorea
50%
~ 170Pakistan
50%
~ 90Israel
39%
~ 15*Deutschland
18%
~ 35*Italien
12%
~ 20*Türkei
9%
~ 15*Belgien
4%
~ 15*Niederlande
3%

Verteilung der Resultate

Perzentil nach korrekt beantworteten Fragen

Anzahl Personen mit jedem Resultat

Ihre Resultats-Entwicklung

Sie haben dieses Quiz noch nicht gespielt